000
00305nam a2200121 a 4500
008
100916s2008|||| d
245
1
0
_a
Pod Austrálskym slnkom
100
1
_a
Proctorová, Candice
260
_b
Slovenský spisovateľ
_a
Bratislava
_c
2008
020
_c
299
044
_a
xo
_c
SK
041
_a
slo
999
_c
10401
_d
10401